Religion in Romania - Statistics

General Stats
  • This quiz has been taken 119 times
  • The average score is 3 of 6
Answer Stats
Percentage Religion % Correct
81% Orthodox
95%
5.1% Catholic
92%
6.2% Protestant
73%
0.2% None
26%
1.5% Other
21%
6% Unknown
17%
No matching quizzes found
Score Distribution
Percent of People with Each Score
Percentile by Number Answered
Your Score History
You have not taken this quiz